Allegiance of honor /

The Psy/Changeling world has undergone a staggering transformation and now stands at a crossroads. The Trinity Accord promises a new era of cooperation between disparate races and groups. It is a beacon of hope held together by many hands: old enemies, new allies, and wary loners. But a century of d...

Full description

Bibliographic Details
Main Author: Singh, Nalini, 1977- (Author)
Other Authors: Dawe, Angela (Narrator)
Format: CD Audio Book
Language:English
Published: Old Saybrook, CT : Tantor Audio, [2016]
Edition:Unabridged.
Series:Singh, Nalini, 1977- Psy-changeling novel.
Subjects:

MARC

Tag First Indicator Second Indicator Subfields
LEADER 00000cim a2200000Ki 4500
001 in00003768721
005 20170927140057.0
007 sd fungnnmmneu
008 160516t20162016ctunnnn f n eng d
020 |a 9781494514518 
020 |a 1494514516 
024 3 |a 9781494514518 
035 |a (OCoLC)ocn949858680 
037 |b Midwest Tape  |n http://www.midwesttapes.com 
040 |a TEFMT  |b eng  |e rda  |c TEFMT  |d TEF  |d OCLCO  |d UtOrBLW 
049 |a TXAM 
050 4 |a PR9639.4.S566  |b A77 2016ab 
082 0 4 |a 823/.92  |2 23 
090 |a PR9639.4.S566  |b A77 2016b 
100 1 |a Singh, Nalini,  |d 1977-  |e author.  |0 http://id.loc.gov/authorities/names/no2005068516 
245 1 0 |a Allegiance of honor /  |c Nalini Singh. 
250 |a Unabridged. 
264 1 |a Old Saybrook, CT :  |b Tantor Audio,  |c [2016] 
264 4 |c ℗2016 
300 |a 12 audio discs (approximately 900 min.) :  |b CD audio, digital ;  |c 4 3/4 in. 
306 |a 150000 
336 |a spoken word  |b spw  |2 rdacontent 
337 |a audio  |b s  |2 rdamedia 
338 |a audio disc  |b sd  |2 rdacarrier 
344 |a digital  |2 rda 
347 |a audio file  |b CD audio  |2 rda 
490 1 |a Psy/changeling novel 
500 |a Title from web page. 
511 0 |a Read by Angela Dawe. 
520 |a The Psy/Changeling world has undergone a staggering transformation and now stands at a crossroads. The Trinity Accord promises a new era of cooperation between disparate races and groups. It is a beacon of hope held together by many hands: old enemies, new allies, and wary loners. But a century of distrust and suspicion can't be so easily forgotten and threatens to shatter Trinity from within at any moment. As rival members vie for dominance, chaos and evil gather in the shadows and a kidnapped woman's cry for help washes up in San Francisco, while the Consortium turns its murderous gaze toward a child who is the embodiment of change, of love, of piercing hope: a child who is both Psy and Changeling. To find the lost, protect the vulnerable, and save Trinity, no one can stand alone. 
650 0 |a Shapeshifting  |v Fiction. 
650 0 |a Good and evil  |v Fiction.  |0 http://id.loc.gov/authorities/subjects/sh2008105339 
655 7 |a Paranormal fiction.  |2 lcgft  |0 http://id.loc.gov/authorities/genreForms/gf2014026469 
655 7 |a Fantasy fiction.  |2 lcgft  |0 http://id.loc.gov/authorities/genreForms/gf2014026333 
655 7 |a Audiobooks.  |2 lcgft  |0 http://id.loc.gov/authorities/genreForms/gf2011026063 
700 1 |a Dawe, Angela,  |e narrator.  |0 http://id.loc.gov/authorities/names/no2009169495 
710 2 |a Tantor Media,  |e issuing body.  |0 http://id.loc.gov/authorities/names/no2007067126 
800 1 |a Singh, Nalini,  |d 1977-  |t Psy-changeling novel.  |0 http://id.loc.gov/authorities/names/no2009187542 
948 |a cataloged  |b h  |c 2016/7/26  |d c  |e ceaton  |f 2:30:00 pm 
994 |a C0  |b TXA 
999 f f |s 1d018d97-41dc-30b1-8559-6e3dc45a862f  |i 4d6b5a5f-3eac-3dd7-8bc6-1b7a1a13968b  |t 0 
952 f f |p normal  |a Texas A&M University  |b College Station  |c Sterling C. Evans Library  |d Evans: Library Stacks  |t 0  |e PR9639.4.S566 A77 2016b  |h Library of Congress classification  |i audio -- audio disc  |m A14843575169 
998 f f |a PR9639.4.S566 A77 2016b  |t 0  |l Evans: Library Stacks